000 00353nam a22001457a 4500
005 20150804162436.0
008 150804b xxu||||| |||| 00| 0 eng d
040 _cPK-LaUMT
082 _aKHC 954.0350924
_bVED-D
100 _aVed mehta
245 _aDaddyji-Mamaji
_cVed mehta
260 _aNew York
_bPan Books
_c1972
300 _a345 p.
942 _cBK
999 _c73579
_d73579